00602nam a2200217 a 450000100060000000300080000600500170001400800410003102000160007203500190008804000370010704100080014408200260015210000200017824500380019825000120023626000430024830000340029150400370032565000220036267897BD-RjUL20211209081714.0170329s1984 nyua b 001 0 eng d a0471078921  a(BD-RjUL)68106 aDLCcDLCdOCLdMYGdBD-RjULbeng aeng 223a595.717bPRI 19841 aPrice, Peter W.10aInsect ecology /cPeter W. Price. a2nd ed. aNew York :bJohn Wiley & Sons,cc1984. axvi, 607 p. :bill. ;c23 cm. aIncludes index and Bibliography. 0aInsectsxEcology.